000
00333nam a22001457a 4500
008
230512b ||||| |||| 00| 0 eng d
020
_a
9780618249510
041
_a
eng
080
_a
038
082
_a
038BER
100
_a
40
101
_a
FJALOR
245
_a
DIC.TION.AR.Y FOR LEARNERS OF ENGLISH
_c
BERUBE.S.M
942
_2
udc
_c
BK
999
_c
59693
_d
59693